000
00258nam a2200121Ia 4500
008
231129s1994||||xx |||||||||||||| ||spa||
040
_b
spa
082
_a
574.526 E17
245
0
_a
Ecos
260
_c
1994
264
_a
Corporacion Ecofondo
942
_2
ddc
_c
BKS
999
_c
9932
_d
9932